Tagore's paintings: Verification in line (Record no. 170639)

MARC details
000 -LEADER
fixed length control field 00368nam a2200145Ia 4500
008 - FIXED-LENGTH DATA ELEMENTS--GENERAL INFORMATION
fixed length control field 230917s9999||||xx |||||||||||||| ||und||
040 ## - CATALOGING SOURCE
-- 199859
Original cataloging agency VIVEKANANDA LIBRARY
041 ## - Language
-- English
082 ## - DDC NUMBER
Classification number 759.95414 T129S:T
100 ## - MAIN ENTRY--PERSONAL NAME
Personal name Som, Sovon
245 #0 - TITLE STATEMENT
Title Tagore's paintings: Verification in line
260 ## - PUBLICATION, DISTRIBUTION, ETC. (IMPRINT)
Place of publication, distribution, etc New Delhi
Name of publisher, distributor, etc Niyogi Books
Date of publication, distribution, etc 2011
300 ## - PHYSICAL DESCRIPTION
Pages 95 p.
942 ## - ADDED ENTRY ELEMENTS (KOHA)
Koha item type Books
Holdings
Withdrawn status Lost status Damaged status Not for loan Location (home branch) Sublocation or collection (holding branch) Date acquired Koha issues (times borrowed) Koha full call number Accession No. Koha date last seen Koha item type
        VIVEKANANDA LIBRARY VIVEKANANDA LIBRARY 17/06/2012 1 759.95414 T129S:T 318342 25/09/2024 Books
© Designed and Maintained by Vivekananda Library, MDU Rohtak